Szczegóły MARC21

Wojna trzynastoletnia i powrót Polski nad Bałtyk w XV wieku /

003 -Nazwa inst., której nr kontr. jest w polu 001 [,]
    • @
    • Nazwa instytucji, której n kontrolny jest w polu 001
    • NUKAT
005 -DATA I CZAS OSTATNIEJ MODYFIKACJI [,]
    • @
    • pole kontrolne
    • 20241231103122.0
020 -Międzynarod. znormalizowany nr książki - ISBN [ , ]
    • a
    • Numer ISBN
    • 8303030760 Find
040 -Instytucja sporządzająca opis [ , ]
    • a
    • Instytucja, która sporządziła opis (NP)
    • KR 303/JG
    • c
    • Instytucja, która sporządziła rekord (NP)
    • KR 303/JG
    • d
    • Instytucja, która zmodyfikowała rekord (P)
    • KR 303/JG
    • d
    • Instytucja, która zmodyfikowała rekord (P)
    • LUBL M/ASI
    • d
    • Instytucja, która zmodyfikowała rekord (P)
    • GD 27/LKs
942 -Rodzaj dokumentu [ , ]
    • c
    • Rodzaj dokumentu
    • Książka
100 -Hasło główne - nazwa osobowa [1, ]
    • a
    • Nazwa osobowa (NP)
    • Biskup, Marian
    • d
    • Daty biograficzne (NP)
    • (1922-2012).
    • 9
    • KHW
    • 43678
245 -Strefa tytułu i oznaczenia odpowiedzialności [1,0]
    • a
    • Tytuł
    • Wojna trzynastoletnia i powrót Polski nad Bałtyk w XV wieku / Find
    • c
    • Pozostałe elementy strefy tytułu i oznaczenia odpowiedzialności (NP)
    • Marian Biskup.
260 -Strefa adresu wydawniczego [ , ]
    • a
    • Miejsce wydania (P)
    • Kraków :
    • b
    • Nazwa wydawcy (P)
    • Krajowa Agencja Wydawnicza,
    • c
    • Data wydania (P)
    • 1990.
300 -Strefa opisu fizycznego [ , ]
    • a
    • Określenie formy książki i/lub objętość (NP)
    • 79, [2] s. :
    • b
    • Oznaczenie ilustracji (NP)
    • il. ;
    • c
    • Format (NP)
    • 27 cm.
336 -Typ zawartości [ , ]
    • a
    • Termin opisujący typ zawartości
    • Tekst
    • b
    • Kod określający zawartość
    • txt
    • 2
    • Źródło (terminu i kodu)
    • rdacontent
337 -Typ mediów [ , ]
    • a
    • Tryb odtwarzania
    • Bez urządzenia pośredniczącego
    • b
    • Kod typu mediów
    • n
    • 2
    • Źródło (terminu i kodu)
    • rdamedia
338 -Typ/rodzaj nośnika [ , ]
    • a
    • Hasło opisujące typ nośnika
    • Wolumin
    • b
    • Kod typu nośnika
    • nc
    • 2
    • Źródło (terminu i kodu)
    • rdacarrier
490 -Strefa serii i książki wielotomowej - forma nie do wyszukiwania [1, ]
    • a
    • Tytuł (P)
    • Dzieje Narodu i Państwa Polskiego ; Find
    • v
    • Numeracja (P)
    • I-14
830 -Hasło dodatkowe serii i opisu książki wielotomowej - tytuł ujednolicony/tytuł [ ,0]
    • a
    • Tytuł ujednolicony/tytuł (NP)
    • Dzieje Narodu i Państwa Polskiego
    • v
    • Oznaczenie tomu (NP)
    • I-14
    • 9
    • KHW
    • 11249
500 -Uwaga ogólna [ , ]
    • a
    • Uwaga ogólna (NP)
    • Opis wg okł.
500 -Uwaga ogólna [ , ]
    • a
    • Uwaga ogólna (NP)
    • Koniec tekstu na s. 3 okł.
504 -Uwaga dot. bibliogr. załącznikowej [ , ]
    • a
    • Uwaga dot. bibliografii załącznikowej
    • Wskazówki bibliogr. s. [80].
080 -Uniwersalna Klasyfikacja Dziesiętna [ , ]
    • 2
    • Identyfikator wydania tablic
    • UDC-P022
    • a
    • Symbol klasyfikacji
    • 94(438).03
    • b
    • Dopowiedzenie
    • Historia Polski. Dynastia Jagiellonów (1386-1572).
    • x
    • Poddział wspólny
    • "14"
080 -Uniwersalna Klasyfikacja Dziesiętna [ , ]
    • 2
    • Identyfikator wydania tablic
    • UDC-P022
    • a
    • Symbol klasyfikacji
    • 94(430)
    • b
    • Dopowiedzenie
    • Historia Niemiec.
    • x
    • Poddział wspólny
    • "14"
080 -Uniwersalna Klasyfikacja Dziesiętna [ , ]
    • 2
    • Identyfikator wydania tablic
    • UDC-P022
    • a
    • Symbol klasyfikacji
    • 271
    • b
    • Dopowiedzenie
    • Zakony. Życie klasztorne.
    • x
    • Poddział wspólny
    • (438=112.2)
    • b
    • Dopowiedzenie
    • (Polska=Niemcy)
    • x
    • Poddział wspólny
    • "14"
080 -Uniwersalna Klasyfikacja Dziesiętna [ , ]
    • 2
    • Identyfikator wydania tablic
    • UDC-P022
    • a
    • Symbol klasyfikacji
    • 355.4
    • b
    • Dopowiedzenie
    • Operacje wojenne. Taktyka i strategia. Sztuka wojenna.
    • x
    • Poddział wspólny
    • "14"
650 -Hasło przedmiotowe [ ,7]
    • a
    • Hasło przedmiotowe
    • Wojna polsko-krzyżacka (1454-1466).
    • 2
    • Źródło terminu
    • kaba
    • 9
    • KHW
    • 136040
980 -Symbol UKD [ , ]
    • a
    • UKD
    • 94(438).03:94(430):271(438=112.2):355.4]"14"
710 -Hasło dodatkowe - nazwa ciała zbiorowego [2, ]
    • a
    • Nazwa ciała zbiorowego lub nazwa geograficzna jako pierwszy element (NP)
    • Krajowa Agencja Wydawnicza (1974-2004).
    • 4
    • Kod relacji
    • pbl
    • 9
    • KHW
    • 55236
856 -Dostęp do wersji elektronicznej [4,8]
    • 3
    • Wyszczególnienie materiału
    • Okładka
920 -ISBN [ , ]
    • a
    • ISBN
    • 83-03-03076-0 Find
Numer inwentarzowy Status udost. Lokalizacja Data inwentaryzacji
H.158631BNS2007-05-17
H.24615-3BNS2013-04-11